000 00482pab a2200181 454500
008 180718b2007 xxu||||| |||| 00| 0 eng d
100 _aValenzuela, J. Samuel
245 _aThe enduring presence of religion in Chilean ideological positionings and voter options
260 _c2007
300 _ap.1-20.
362 _aOct
650 _aReligion
700 _aSomma, Nicolas
700 _aScully, Timothy R.
773 _aComparative Politics
908 _aN
909 _a76682
999 _c76682
_d76682